[Event "Sitges Sunway op 9th"]
[Site "Sitges"]
[Date "2022.12.13"]
[Round "2"]
[White "Ajay, Karthikeyan"]
[Black "Frederic, Clement"]
[Result "1-0"]
[WhiteElo "2430"]
[BlackElo "2245"]
[PlyCount "99"]
[EventDate "2022.12.12"]
[EventType "swiss"]
[EventRounds "10"]
[EventCountry "ESP"]
[SourceTitle "CBM 211 Extra"]
[Source "ChessBase"]
[SourceDate "2023.01.31"]
[SourceVersion "1"]
[SourceVersionDate "2023.01.31"]
[SourceQuality "1"]

1. e4 e6 2. d4 d5 3. Nd2 Nf6 4. e5 Nfd7 5. Bd3 c5 6. c3 Nc6 7. Ne2 cxd4 8. cxd4 f6 9. exf6 Nxf6 10. 0-0 Bd6 11. Nf3 Qc7 12. Bg5 0-0 13. Bh4 Nh5 14. Rc1 g6 15. Bg3 Nxg3 16. hxg3 a6 17. a3 Qg7 18. Bb1 Bd7 19. Qd2 h6 20. Nf4 g5 21. Nh5 Qe7 22. Qd3 Be8 23. g4 Bxh5 24. gxh5 Qg7 25. Rcd1 Rf6 26. g3 Re8 27. Nh2 Bb8 28. Ng4 Rf5 29. Rfe1 Rff8 30. Qg6 Qxg6 31. Bxg6 Re7 32. Nxh6+ Kg7 33. Ng4 Ba7 34. Kg2 Bxd4 35. Re2 e5 36. Bb1 Rd7 37. Ba2 Rd6 38. Rh1 Kh7 39. Bb1+ e4 40. Rd1 Rfd8 41. Red2 Ne5 42. Rxd4 Nxg4 43. Rxd5 Rxd5 44. Rxd5 Rxd5 45. Bxe4+ Kh6 46. Bxd5 b6 47. Bc4 a5 48. Be2 Nf6 49. g4 Kg7 50. f4 1-0

[Event "Vaujany op 13th"]
[Site "Vaujany"]
[Date "2022.07.15"]
[Round "2"]
[White "Horvath, Jozsef"]
[Black "Frederic, Clement"]
[Result "1/2-1/2"]
[WhiteElo "2433"]
[BlackElo "2203"]
[PlyCount "70"]
[EventDate "2022.07.14"]
[EventType "swiss"]
[EventRounds "9"]
[EventCountry "FRA"]
[SourceTitle "EXT 2023"]
[Source "ChessBase"]
[SourceDate "2022.10.05"]
[SourceVersion "1"]
[SourceVersionDate "2022.10.05"]
[SourceQuality "1"]

1. e4 e6 2. d4 d5 3. exd5 exd5 4. Nf3 Bd6 5. c4 Nf6 6. Nc3 0-0 7. cxd5 Nbd7 8. Bg5 Nb6 9. Qb3 a5 10. a3 a4 11. Qc2 Ra5 12. Bd3 Re8+ 13. Kf1 h6 14. Bxf6 Qxf6 15. Be4 Bd7 16. h3 Bb5+ 17. Nxb5 Rxb5 18. Re1 Kf8 19. Re2 Ra8 20. g3 g6 21. Kg2 Nxd5 22. Rhe1 c6 23. h4 Rba5 24. Ne5 Bxe5 25. dxe5 Qxe5 26. Bf3 Qf6 27. Qd2 Kg7 28. Re5 Rb5 29. R1e4 Rd8 30. Be2 Nc7 31. Qc3 Rxe5 32. Rxe5 Rd5 33. Re7 Qxc3 34. bxc3 Rd2 35. Rxc7 Rxe2 1/2-1/2

[Event "Helsingor Kronborg Master-1"]
[Site "Helsingor"]
[Date "2022.05.26"]
[Round "2"]
[White "Apol, Luitjen Akselsson"]
[Black "Frederic, Clement"]
[Result "1-0"]
[WhiteElo "2231"]
[BlackElo "2216"]
[PlyCount "79"]
[EventDate "2022.05.26"]
[EventType "tourn"]
[EventRounds "7"]
[EventCountry "DEN"]
[SourceTitle "CBM 208 Extra"]
[Source "ChessBase"]
[SourceDate "2022.07.31"]
[SourceVersion "1"]
[SourceVersionDate "2022.07.31"]
[SourceQuality "1"]

1. e4 d6 2. d4 Nf6 3. Nc3 Nbd7 4. Nf3 e5 5. Bc4 Be7 6. a4 c6 7. a5 h6 8. 0-0 Qc7 9. Qe2 Nf8 10. d5 Ng6 11. b4 Bg4 12. h3 cxd5 13. Nxd5 Nxd5 14. Bxd5 Be6 15. Qb5+ Qd7 16. Qxd7+ Kxd7 17. Bxb7 Rab8 18. a6 Bd8 19. Be3 Bb6 20. Bxb6 axb6 21. a7 Rxb7 22. a8Q Rxa8 23. Rxa8 Ne7 24. Rd1 Kc7 25. Ra3 f6 26. Nd2 Nc6 27. c3 Na7 28. Nf1 Kd7 29. Rd3 Rc7 30. Ra1 Nb5 31. Rc1 Ke7 32. Kh2 Rc4 33. f3 Rc7 34. Ne3 Rc8 35. Ra1 Bc4 36. Rd2 Ke6 37. Ra6 Bb3 38. Rxb6 Rxc3 39. Nf5 Nd4 40. Nxd4+ 1-0

[Event "Schaffhausen op"]
[Site "Schaffhausen"]
[Date "2022.03.19"]
[Round "2"]
[White "Morgenthaler, Stefan"]
[Black "Frederic, Clement"]
[Result "0-1"]
[WhiteElo "1837"]
[BlackElo "2229"]
[PlyCount "84"]
[EventDate "2022.03.18"]
[EventType "swiss"]
[EventRounds "5"]
[EventCountry "SUI"]
[SourceTitle "CBM 207 Extra"]
[Source "ChessBase"]
[SourceDate "2022.05.31"]
[SourceVersion "1"]
[SourceVersionDate "2022.05.31"]
[SourceQuality "1"]

1. e4 e6 2. d4 d5 3. exd5 exd5 4. Nf3 Bd6 5. Bd3 Nc6 6. c3 Nge7 7. Bg5 Bg4 8. Nbd2 Qd7 9. Qc2 Qe6+ 10. Be3 Bf4 11. Nf1 Nf5 12. Bxf5 Bxf5 13. Qe2 Bd6 14. Ng3 Bg6 15. Nh4 0-0-0 16. 0-0-0 Rde8 17. Rde1 Na5 18. Nxg6 hxg6 19. Qb5 Nc4 20. Bd2 Qd7 21. Qxd7+ Kxd7 22. Rxe8 Rxe8 23. Re1 Bf4 24. Rxe8 Bxd2+ 25. Kc2 Kxe8 26. b3 Bf4 27. bxc4 Bxg3 28. hxg3 dxc4 29. Kb2 a5 30. Kc2 Kd7 31. Kd2 Kd6 32. Ke3 Kd5 33. f3 b5 34. a3 c5 35. dxc5 Kxc5 36. Kd2 b4 37. Kc2 Kb5 38. g4 Ka4 39. Kb2 g5 40. g3 f6 41. f4 gxf4 42. gxf4 b3 0-1

[Event "Cappelle Online Blitz op 1st"]
[Site "Europe Echecs INT"]
[Date "2021.01.10"]
[Round "1"]
[White "Frederic, Clement"]
[Black "Bartel, Reinhard"]
[Result "1-0"]
[WhiteElo "2242"]
[BlackElo "1525"]
[PlyCount "87"]
[EventDate "2021.01.10"]
[EventType "swiss (blitz)"]
[EventRounds "11"]
[EventCountry "FRA"]
[SourceTitle "CBM 200 Extra"]
[Source "ChessBase"]
[SourceDate "2021.03.31"]
[SourceVersion "1"]
[SourceVersionDate "2021.03.31"]
[SourceQuality "1"]

1. e4 e5 2. Nf3 Nc6 3. Nc3 Nf6 4. d4 exd4 5. Nd5 Be7 6. Bc4 0-0 7. 0-0 d6 8. Nxd4 Be6 9. Nxf6+ Bxf6 10. Nxe6 fxe6 11. Bxe6+ Kh8 12. c3 Qe7 13. Bd5 Rad8 14. Re1 Bg5 15. Bxc6 bxc6 16. Qa4 Qf6 17. Qxa7 Ra8 18. Qd4 Qe7 19. a3 c5 20. Qd3 Qf6 21. Rf1 Rae8 22. Bxg5 Qxg5 23. Rae1 Rf6 24. f3 Rg6 25. Re2 Rf8 26. g3 Rgf6 27. Qe3 Qh5 28. f4 g5 29. Ref2 g4 30. b4 cxb4 31. cxb4 Qb5 32. Qd4 Qa4 33. e5 dxe5 34. fxe5 Rxf2 35. e6+ Kg8 36. Qxg4+ Kh8 37. Qd4+ Kg8 38. Rxf2 Rxf2 39. Kxf2 Qc2+ 40. Kf1 Qc1+ 41. Kg2 Qxa3 42. Qd8+ Kg7 43. Qg5+ Kf8 44. Qf6+ 1-0

[Event "Cappelle Online Blitz op 1st"]
[Site "Europe Echecs INT"]
[Date "2021.01.10"]
[Round "3"]
[White "Frederic, Clement"]
[Black "Osmak, Iulija"]
[Result "1-0"]
[WhiteElo "2242"]
[BlackElo "2428"]
[PlyCount "119"]
[EventDate "2021.01.10"]
[EventType "swiss (blitz)"]
[EventRounds "11"]
[EventCountry "FRA"]
[SourceTitle "CBM 200 Extra"]
[Source "ChessBase"]
[SourceDate "2021.03.31"]
[SourceVersion "1"]
[SourceVersionDate "2021.03.31"]
[SourceQuality "1"]

1. e4 Nc6 2. Nc3 Nf6 3. d4 d6 4. f4 g6 5. Nf3 Bg7 6. Bc4 e6 7. e5 Nd7 8. 0-0 Nb6 9. Bd3 0-0 10. Qe1 Nb4 11. Ne4 Nxd3 12. cxd3 d5 13. Nf2 Nd7 14. Be3 b6 15. Rc1 Ba6 16. Qc3 Rc8 17. Qa3 Nb8 18. Rc2 Re8 19. Rfc1 Bf8 20. Qa4 c6 21. Rc3 Rc7 22. Ng4 Be7 23. Qd1 Bb5 24. Ng5 Kg7 25. Qe1 h5 26. Nf2 Bb4 27. Qe2 Bxc3 28. bxc3 Nd7 29. g4 Rh8 30. h3 c5 31. dxc5 Nxc5 32. Rd1 Na4 33. c4 Nc3 34. Qb2 Nxd1 35. Nxd1 Bc6 36. c5 bxc5 37. Bxc5 Rb7 38. Qf2 Rb1 39. Qc2 Qb8 40. Be7 Re8 41. Bf6+ Kg8 42. Kg2 Rc8 43. Kg3 Be8 44. Qd2 Qb4 45. Qe2 Ba4 46. Nf2 Rb2 47. Qe3 Qd2 48. Qxd2 Rxd2 49. gxh5 gxh5 50. h4 Rxa2 51. f5 Bd7 52. fxe6 Bxe6 53. Nfh3 a5 54. Nf4 Rc6 55. Nxh5 a4 56. Be7 a3 57. Nf6+ Kg7 58. Nh5+ Kg6 59. Nf4+ Kh6 60. Bf8# 1-0

[Event "Cappelle Online Blitz op 1st"]
[Site "Europe Echecs INT"]
[Date "2021.01.10"]
[Round "8"]
[White "Godart, Francois"]
[Black "Frederic, Clement"]
[Result "1/2-1/2"]
[WhiteElo "2422"]
[BlackElo "2242"]
[PlyCount "64"]
[EventDate "2021.01.10"]
[EventType "swiss (blitz)"]
[EventRounds "11"]
[EventCountry "FRA"]
[SourceTitle "CBM 200 Extra"]
[Source "ChessBase"]
[SourceDate "2021.03.31"]
[SourceVersion "1"]
[SourceVersionDate "2021.03.31"]
[SourceQuality "1"]

1. e4 e6 2. d4 d5 3. Nd2 Nf6 4. e5 Nfd7 5. Bd3 c5 6. c3 Nc6 7. Ne2 cxd4 8. cxd4 f6 9. exf6 Nxf6 10. 0-0 Bd6 11. Nf3 Qc7 12. Nc3 a6 13. h3 0-0 14. Be3 Bd7 15. Rc1 Rae8 16. a3 Qb8 17. b4 b5 18. Re1 Re7 19. Bb1 Be8 20. Bg5 Bh5 21. Nxd5 Nxd5 22. Rxc6 Bxf3 23. gxf3 Ref7 24. Rxe6 Bh2+ 25. Kh1 Rxf3 26. Qc2 R3f5 27. Qxf5 Rxf5 28. Bxf5 Qf8 29. Re5 Bxe5 30. Be6+ Kh8 31. Bxd5 Bxd4 32. Be7 Qf5 1/2-1/2

[Event "Cappelle Online Blitz op 1st"]
[Site "Europe Echecs INT"]
[Date "2021.01.10"]
[Round "2"]
[White "Gourarier, Emmanuel"]
[Black "Frederic, Clement"]
[Result "0-1"]
[WhiteElo "1463"]
[BlackElo "2242"]
[PlyCount "100"]
[EventDate "2021.01.10"]
[EventType "swiss (blitz)"]
[EventRounds "11"]
[EventCountry "FRA"]
[SourceTitle "CBM 200 Extra"]
[Source "ChessBase"]
[SourceDate "2021.03.31"]
[SourceVersion "1"]
[SourceVersionDate "2021.03.31"]
[SourceQuality "1"]

1. e4 e6 2. d4 d5 3. exd5 exd5 4. Nf3 Bg4 5. Be2 Nc6 6. 0-0 Bd6 7. Re1 Nge7 8. Bb5 Qd7 9. Qe2 0-0-0 10. Nc3 Kb8 11. Na4 Bxf3 12. Qxf3 Nxd4 13. Bxd7 Nxf3+ 14. gxf3 Rxd7 15. Bg5 Ng6 16. Nc3 c6 17. Re2 Kc7 18. Rae1 Bb4 19. a3 Bxc3 20. bxc3 f6 21. Be3 b6 22. f4 Rf8 23. f5 Nh4 24. Bf4+ Kd8 25. Re3 Nxf5 26. R3e2 Re7 27. Bg3 Rfe8 28. Rxe7 Rxe7 29. Rxe7 Kxe7 30. Kg2 Nxg3 31. fxg3 Ke6 32. Kf3 Ke5 33. Ke3 g6 34. Kd3 h6 35. Ke3 f5 36. Kf3 g5 37. Ke3 c5 38. Kf3 h5 39. Ke3 f4+ 40. gxf4+ gxf4+ 41. Kf3 Kf5 42. Kg2 Ke4 43. Kf2 a6 44. h4 f3 45. Kf1 Ke3 46. Kg1 Ke2 47. Kh1 f2 48. Kh2 Kf3 49. c4 f1Q 50. c3 Qg2# 0-1

[Event "Cappelle Online Blitz op 1st"]
[Site "Europe Echecs INT"]
[Date "2021.01.10"]
[Round "10"]
[White "Mohammad, Nubairshah Shaikh"]
[Black "Frederic, Clement"]
[Result "0-1"]
[WhiteElo "2445"]
[BlackElo "2242"]
[PlyCount "176"]
[EventDate "2021.01.10"]
[EventType "swiss (blitz)"]
[EventRounds "11"]
[EventCountry "FRA"]
[SourceTitle "CBM 200 Extra"]
[Source "ChessBase"]
[SourceDate "2021.03.31"]
[SourceVersion "1"]
[SourceVersionDate "2021.03.31"]
[SourceQuality "1"]

1. d4 e6 2. c4 f5 3. Nf3 Nf6 4. Bf4 Bb4+ 5. Nbd2 0-0 6. e3 b6 7. Be2 Bb7 8. 0-0 Ne4 9. a3 Bxd2 10. Nxd2 Nxd2 11. Qxd2 d6 12. h3 Nd7 13. Bh2 Qf6 14. b4 Qg6 15. f3 Qh6 16. c5 bxc5 17. dxc5 e5 18. cxd6 cxd6 19. Bc4+ Kh8 20. Rfd1 Rf6 21. Kf2 Qh4+ 22. Kg1 Qxc4 23. Rac1 Qb5 24. Rc7 Nf8 25. Rdc1 Rg6 26. a4 Qb6 27. Kh1 Ne6 28. Rd7 Ng5 29. a5 Qb5 30. Rxd6 Rxd6 31. Qxd6 Nxf3 32. a6 Be4 33. Bg3 Ng5 34. Bxe5 Nf7 35. Qc5 Qe2 36. Rg1 Nxe5 37. Qxe5 Qxe3 38. Kh2 Qe2 39. b5 h6 40. Qc5 Qd2 41. Kg3 Qd3+ 42. Kh2 Qe2 43. Kg3 Qd2 44. Kh2 Qd7 45. Qe5 Rc8 46. Re1 Qc7 47. Qxc7 Rxc7 48. Re3 Kh7 49. Kg3 g5 50. Rb3 Bd5 51. Rb2 Rc3+ 52. Kf2 Rb3 53. Rc2 Rxb5 54. Rc7+ Kg6 55. Rxa7 Ra5 56. g3 Be4 57. h4 gxh4 58. gxh4 Kh5 59. Ke3 Kg4 60. Rg7+ Kxh4 61. a7 h5 62. Kf4 Ra4 63. Ke5 Kh3 64. Kf4 h4 65. Ke3 Ra3+ 66. Kf2 Kh2 67. Rh7 h3 68. Rg7 Ra2+ 69. Ke3 Rg2 70. Rc7 Kg1 71. Rc1+ Kh2 72. Rc4 Rg8 73. Kf2 Kh1 74. Rc1+ Kh2 75. Ra1 Ra8 76. Ra2 Rg8 77. Ra1 Rg2+ 78. Ke3 Kg3 79. Ra4 Ba8 80. Ra6 f4+ 81. Kd3 h2 82. Rh6 Rg1 83. Rg6+ Kf2 84. Rf6 h1Q 85. Rxf4+ Qf3+ 86. Rxf3+ Bxf3 87. a8Q Bxa8 88. Kd4 Re1 0-1

[Event "Vaujany op-A 8th"]
[Site "Vaujany"]
[Date "2017.07.20"]
[Round "8.10"]
[White "Abello, Sebastien"]
[Black "Frederic, Clement"]
[Result "1-0"]
[WhiteElo "2362"]
[BlackElo "2198"]
[PlyCount "63"]
[EventDate "2017.07.13"]
[EventType "swiss"]
[EventRounds "9"]
[EventCountry "FRA"]
[SourceTitle "EXT 2020"]
[Source "ChessBase"]
[SourceDate "2019.10.17"]
[SourceVersion "1"]
[SourceVersionDate "2019.10.17"]
[SourceQuality "1"]

1. d4 f5 2. Nf3 Nf6 3. g3 g6 4. Bg2 Bg7 5. 0-0 0-0 6. b3 d6 7. Bb2 c6 8. c4 Qc7 9. Nbd2 Re8 10. Re1 e5 11. dxe5 dxe5 12. e4 f4 13. c5 fxg3 14. hxg3 b5 15. a4 Bg4 16. b4 a6 17. Qb3+ Be6 18. Qe3 Nbd7 19. Ng5 Rad8 20. Nxe6 Rxe6 21. Qb3 Nf8 22. Bh3 Qf7 23. Bxe6 Nxe6 24. Nf3 Ng4 25. axb5 axb5 26. Ra7 Qxa7 27. Qxe6+ Qf7 28. Qxg4 Rf8 29. Re3 h5 30. Qh3 Qa2 31. Bc3 g5 32. Qxh5 1-0

[Event "Vaujany op-A 8th"]
[Site "Vaujany"]
[Date "2017.07.15"]
[Round "3.18"]
[White "Frederic, Clement"]
[Black "Lysenko, Ivan"]
[Result "1-0"]
[WhiteElo "2198"]
[BlackElo "1703"]
[PlyCount "91"]
[EventDate "2017.07.13"]
[EventType "swiss"]
[EventRounds "9"]
[EventCountry "FRA"]
[SourceTitle "EXT 2020"]
[Source "ChessBase"]
[SourceDate "2019.10.17"]
[SourceVersion "1"]
[SourceVersionDate "2019.10.17"]
[SourceQuality "1"]

1. e4 c5 2. Nf3 d6 3. Bb5+ Bd7 4. Bxd7+ Qxd7 5. c4 Nc6 6. d4 cxd4 7. Nxd4 Nf6 8. Nc3 g6 9. f3 Bg7 10. Be3 0-0 11. 0-0 Rac8 12. Nde2 Ne8 13. Qd2 Nc7 14. Rad1 Rfd8 15. b3 Qe6 16. Ng3 Qe5 17. Rc1 Qa5 18. Rfd1 b5 19. Nxb5 Qxd2 20. Rxd2 Ne6 21. Ne2 a6 22. Nbc3 Rb8 23. Rcd1 Rdc8 24. Kf2 f5 25. g3 Rf8 26. Kg2 g5 27. Rd5 Ne5 28. f4 Ng4 29. Bd2 gxf4 30. Rxf5 Rxf5 31. exf5 Nc5 32. Bxf4 Rf8 33. Nd5 Rf7 34. h3 Ne5 35. Bxe5 Bxe5 36. g4 Kf8 37. Nc7 a5 38. Ng3 Bxg3 39. Kxg3 Ne4+ 40. Kf3 Ng5+ 41. Kg2 h5 42. Rd5 hxg4 43. hxg4 Rg7 44. Rxa5 Kf7 45. Nd5 Ne4 46. Ne3 1-0

[Event "Lille Luce op 7th"]
[Site "Lille"]
[Date "2016.04.11"]
[Round "3"]
[White "Frederic, Clement"]
[Black "Bele, Charles"]
[Result "1-0"]
[WhiteElo "2205"]
[BlackElo "1728"]
[PlyCount "77"]
[EventDate "2016.04.09"]
[EventType "swiss"]
[EventRounds "7"]
[EventCountry "FRA"]
[SourceTitle "CBM 171 Extra"]
[Source "ChessBase"]
[SourceDate "2016.04.26"]
[SourceVersion "1"]
[SourceVersionDate "2016.04.26"]
[SourceQuality "1"]

1. e4 e6 2. d4 d5 3. e5 c5 4. c3 Nc6 5. Nf3 Qb6 6. a3 c4 7. Nbd2 Na5 8. g3 Bd7 9. Bg2 Ne7 10. 0-0 Nc8 11. Re1 Be7 12. h4 Qc7 13. Rb1 Nb6 14. Qe2 Na4 15. Nh2 0-0-0 16. Ndf1 Nb3 17. Bf4 Bxa3 18. bxa3 Nxc3 19. Qb2 Nxb1 20. Rxb1 Qb6 21. Be3 Kc7 22. Nd2 Nxd2 23. Qxb6+ axb6 24. Bxd2 Ba4 25. Rc1 Kd7 26. Bb4 Rc8 27. Rc3 Ke8 28. Kf1 f6 29. exf6 gxf6 30. Ke1 Kf7 31. Kd2 Rhd8 32. Rf3 Bc6 33. Ng4 f5 34. Ne5+ Kg7 35. g4 fxg4 36. Nxg4 Rc7 37. Ne5 Be8 38. Bh3 Bh5 39. Rg3+ 1-0

[Event "Lille Luce op 5th"]
[Site "Lille"]
[Date "2014.04.30"]
[Round "3"]
[White "Warkentin, Sabine"]
[Black "Frederic, Clement"]
[Result "0-1"]
[WhiteElo "1695"]
[BlackElo "2237"]
[PlyCount "56"]
[EventDate "2014.04.28"]
[EventType "swiss"]
[EventRounds "9"]
[EventCountry "FRA"]
[SourceTitle "CBM 160 Extra"]
[Source "ChessBase"]
[SourceDate "2014.07.01"]
[SourceVersion "1"]
[SourceVersionDate "2014.07.01"]
[SourceQuality "1"]

1. d4 f5 2. Nc3 Nf6 3. Bf4 g6 4. e3 Bg7 5. Bc4 d5 6. Bb3 c6 7. Nf3 0-0 8. 0-0 e6 9. Ne2 b6 10. c4 Bb7 11. Ne5 Nbd7 12. Rc1 Rc8 13. Bg5 Qe8 14. Bf4 h6 15. h4 Kh7 16. Nc3 Rg8 17. Qf3 Qe7 18. Qg3 Bf8 19. Nxd7 Qxd7 20. Be5 Be7 21. f4 Ba6 22. Ne2 Ng4 23. Rf3 Qd8 24. Qh3 Bxh4 25. g3 Bf6 26. Kg2 Kg7 27. Ng1 Bxe5 28. fxe5 dxc4 0-1

[Event "Avoine op 28th"]
[Site "Avoine"]
[Date "2013.07.27"]
[Round "8"]
[White "Bon, Michael"]
[Black "Frederic, Clement"]
[Result "0-1"]
[WhiteElo "2344"]
[BlackElo "2174"]
[PlyCount "56"]
[EventDate "2013.07.20"]
[EventType "swiss"]
[EventRounds "9"]
[EventCountry "FRA"]
[SourceTitle "CBM 155 Extra"]
[Source "ChessBase"]
[SourceDate "2013.08.26"]
[SourceVersion "1"]
[SourceVersionDate "2013.08.26"]
[SourceQuality "1"]

1. e4 e6 2. d4 d5 3. e5 c5 4. c3 Nc6 5. Nf3 Bd7 6. Be2 f6 7. 0-0 fxe5 8. Nxe5 Nxe5 9. dxe5 Qc7 10. Bf3 0-0-0 11. Re1 Ne7 12. c4 d4 13. Nc3 h6 14. b4 cxb4 15. Nb5 Bxb5 16. cxb5 Kb8 17. a3 Qb6 18. axb4 Nd5 19. Bd2 Nc7 20. Ra5 Nxb5 21. Qa4 a6 22. Be2 d3 23. Be3 Qc6 24. Bf3 Qc3 25. Rc1 d2 26. Rb1 Qd3 27. Rxb5 Qxb1+ 28. Bd1 axb5 0-1

[Event "Avoine op 28th"]
[Site "Avoine"]
[Date "2013.07.25"]
[Round "6"]
[White "Molho, Antoine"]
[Black "Frederic, Clement"]
[Result "0-1"]
[WhiteElo "1718"]
[BlackElo "2174"]
[PlyCount "46"]
[EventDate "2013.07.20"]
[EventType "swiss"]
[EventRounds "9"]
[EventCountry "FRA"]
[SourceTitle "CBM 155 Extra"]
[Source "ChessBase"]
[SourceDate "2013.08.26"]
[SourceVersion "1"]
[SourceVersionDate "2013.08.26"]
[SourceQuality "1"]

1. d4 f5 2. Bg5 h6 3. Bh4 g5 4. Bg3 Nf6 5. e3 d6 6. Nf3 Bg7 7. Bd3 e6 8. Nc3 Qe7 9. h3 Nc6 10. Nd2 e5 11. d5 Nd8 12. e4 f4 13. Bh2 Bd7 14. Nb5 Bc8 15. c4 h5 16. a3 g4 17. h4 Nh7 18. c5 dxc5 19. Nc4 Nf7 20. d6 cxd6 21. Nbxd6+ Nxd6 22. Nxd6+ Qxd6 23. Bb5+ Ke7 0-1

[Event "Avoine op 28th"]
[Site "Avoine"]
[Date "2013.07.24"]
[Round "5"]
[White "Frederic, Clement"]
[Black "Mohammad, Fahim"]
[Result "1-0"]
[WhiteElo "2174"]
[BlackElo "2019"]
[PlyCount "49"]
[EventDate "2013.07.20"]
[EventType "swiss"]
[EventRounds "9"]
[EventCountry "FRA"]
[SourceTitle "CBM 155 Extra"]
[Source "ChessBase"]
[SourceDate "2013.08.26"]
[SourceVersion "1"]
[SourceVersionDate "2013.08.26"]
[SourceQuality "1"]

1. e4 Nf6 2. e5 Nd5 3. d4 d6 4. c4 Nb6 5. exd6 cxd6 6. Nc3 g6 7. Bd3 Bg7 8. Be3 Nc6 9. Nge2 0-0 10. b3 Bg4 11. f3 Bd7 12. 0-0 e6 13. Rc1 d5 14. c5 Nc8 15. a3 a5 16. Rb1 e5 17. dxe5 Nxe5 18. Bc2 Bc6 19. Bd4 Na7 20. Re1 Nb5 21. Nxb5 Bxb5 22. Nc3 Nd3 23. Bxg7 Nxe1 24. Bxf8 Nxc2 25. Nxb5 1-0

[Event "Avoine op 28th"]
[Site "Avoine"]
[Date "2013.07.22"]
[Round "3"]
[White "Frederic, Clement"]
[Black "Roullier, Alain"]
[Result "1-0"]
[WhiteElo "2174"]
[BlackElo "1723"]
[PlyCount "39"]
[EventDate "2013.07.20"]
[EventType "swiss"]
[EventRounds "9"]
[EventCountry "FRA"]
[SourceTitle "CBM 155 Extra"]
[Source "ChessBase"]
[SourceDate "2013.08.26"]
[SourceVersion "1"]
[SourceVersionDate "2013.08.26"]
[SourceQuality "1"]

1. e4 c5 2. Nf3 d6 3. c3 Bg4 4. d4 cxd4 5. cxd4 Nf6 6. Nc3 g6 7. Bb5+ Nfd7 8. h3 a6 9. hxg4 axb5 10. Qb3 Ra5 11. Bd2 Bg7 12. Nxb5 Ra6 13. Ng5 e6 14. Qf3 Nf6 15. e5 h6 16. exf6 hxg5 17. fxg7 Rxh1+ 18. Ke2 Rxa1 19. g8Q+ Kd7 20. Qxb7+ 1-0

[Event "Avoine op 28th"]
[Site "Avoine"]
[Date "2013.07.21"]
[Round "2"]
[White "Shirazi, Kamran"]
[Black "Frederic, Clement"]
[Result "1/2-1/2"]
[WhiteElo "2411"]
[BlackElo "2174"]
[PlyCount "181"]
[EventDate "2013.07.20"]
[EventType "swiss"]
[EventRounds "9"]
[EventCountry "FRA"]
[SourceTitle "CBM 155 Extra"]
[Source "ChessBase"]
[SourceDate "2013.08.26"]
[SourceVersion "1"]
[SourceVersionDate "2013.08.26"]
[SourceQuality "1"]

1. e4 e6 2. b3 d5 3. Bb2 Nf6 4. exd5 exd5 5. Nf3 Bd6 6. Qe2+ Qe7 7. Bxf6 gxf6 8. c4 Nc6 9. Nc3 dxc4 10. Qxe7+ Nxe7 11. Bxc4 Bg4 12. Ne4 Bxf3 13. gxf3 Be5 14. 0-0-0 Bd4 15. Rhg1 Ng6 16. f4 Nxf4 17. Rg7 f5 18. Rxf7 Nd3+ 19. Bxd3 Kxf7 20. Ng3 Bxf2 21. Nxf5 Ke6 22. Nh6 Rhf8 23. Rf1 Bh4 24. Nf5 Bf6 25. Rf3 Rad8 26. Bc4+ Ke5 27. Nh6 Bg5 28. Nf7+ Rxf7 29. Rxf7 Rxd2 30. h4 Be3 31. Kb1 h6 32. Rxc7 Rh2 33. Re7+ Kd4 34. Rd7+ Ke4 35. Bd5+ Kf4 36. Re7 Bc5 37. Re4+ Kg3 38. b4 Bf2 39. Re7 Rxh4 40. Rxb7 Rd4 41. Bc6 Rd6 42. Rg7+ Kh4 43. b5 Bd4 44. Rg8 Re6 45. Kc2 Re3 46. Bd5 Rg3 47. Re8 Re3 48. Rg8 Rg3 49. Rf8 Kg5 50. a4 Rc3+ 51. Kd2 Ra3 52. Rg8+ Kf5 53. Rd8 Rxa4 54. Bb3 Rb4 55. Bc2+ Ke6 56. Kd3 Bb6 57. Rh8 Rh4 58. Bd1 Ke5 59. Be2 Rh3+ 60. Kc4 Rh4+ 61. Kd3 Rd4+ 62. Kc2 Rd6 63. Bd3 Kd4 64. Re8 Rf6 65. Re4+ Kd5 66. Rh4 Bf2 67. Rg4 Be3 68. Be4+ Ke5 69. Bc6 Bg5 70. Ra4 Rf7 71. Kd3 Rg7 72. Be8 Bf4 73. Ra5 Kf6 74. Ke4 Bd2 75. Ra6+ Kg5 76. Kd3 Bf4 77. Ra5 Kg4 78. Ra6 Re7 79. Rg6+ Bg5 80. Rg8 h5 81. Bc6 h4 82. Re8 Rg7 83. Rb8 Re7 84. Re8 Rxe8 85. Bxe8 Kf3 86. Bd7 Bh6 87. Be6 Kg3 88. Ke2 Kg2 89. Bd5+ Kg1 90. Be6 Kg2 91. Bd5+ 1/2-1/2

[Event "FRA-ch Accession"]
[Site "Nimes"]
[Date "2009.08.19"]
[Round "8"]
[White "Frederic, Clement"]
[Black "Favarel, Antoine"]
[Result "1/2-1/2"]
[WhiteElo "2235"]
[BlackElo "2213"]
[PlyCount "63"]
[EventDate "2009.08.11"]
[EventType "swiss"]
[EventRounds "9"]
[EventCountry "FRA"]
[SourceTitle "CBM 132 Extra"]
[Source "ChessBase"]
[SourceDate "2009.11.03"]
[SourceVersion "1"]
[SourceVersionDate "2009.11.03"]
[SourceQuality "1"]

1. e4 c5 2. Nf3 Nc6 3. d4 cxd4 4. Nxd4 Nf6 5. Nc3 e5 6. Ndb5 d6 7. Bg5 a6 8. Na3 b5 9. Nd5 Be7 10. Bxf6 Bxf6 11. c3 Bg5 12. Nc2 0-0 13. a4 bxa4 14. Rxa4 a5 15. Bc4 Rb8 16. b3 Kh8 17. Nce3 g6 18. Qd3 f5 19. f3 Bh4+ 20. g3 f4 21. Nf1 Qg5 22. Rg1 Bh3 23. Kf2 Bxf1 24. Qxf1 fxg3+ 25. hxg3 Rxf3+ 26. Kxf3 Rf8+ 27. Nf4 Bxg3 28. Rxg3 Qxf4+ 29. Kg2 Qxe4+ 30. Rf3 Qg4+ 31. Rg3 Qe4+ 32. Rf3 1/2-1/2

[Event "FRA-ch Accession"]
[Site "Nimes"]
[Date "2009.08.16"]
[Round "6"]
[White "Frederic, Clement"]
[Black "Jolly, Jean Francois"]
[Result "0-1"]
[WhiteElo "2235"]
[BlackElo "2366"]
[PlyCount "124"]
[EventDate "2009.08.11"]
[EventType "swiss"]
[EventRounds "9"]
[EventCountry "FRA"]
[SourceTitle "CBM 132 Extra"]
[Source "ChessBase"]
[SourceDate "2009.11.03"]
[SourceVersion "1"]
[SourceVersionDate "2009.11.03"]
[SourceQuality "1"]

1. e4 e5 2. Nf3 Nc6 3. Nc3 Nf6 4. d4 exd4 5. Nxd4 Bb4 6. Nxc6 bxc6 7. Bd3 d5 8. exd5 cxd5 9. 0-0 0-0 10. Bg5 Be6 11. Qf3 Rb8 12. Ne2 h6 13. Bxf6 Qxf6 14. Qxf6 gxf6 15. b3 c5 16. Nf4 Bd2 17. Nxe6 fxe6 18. c4 Bc3 19. Rac1 d4 20. Rfd1 Rb6 21. g4 Kf7 22. Kg2 Ra6 23. a4 Rb6 24. Bc2 Rg8 25. Kf3 h5 26. h3 Rbb8 27. Rb1 Ba5 28. Rg1 Rh8 29. Rh1 Rbg8 30. Rbg1 Rg5 31. Ke2 Bc7 32. Kd2 Rhg8 33. Rg2 Bd6 34. Bd3 Ke7 35. Rhg1 h4 36. Re1 Kd7 37. Ke2 f5 38. f3 Bf4 39. Kd1 Be3 40. Rge2 Rb8 41. Kc2 Rf8 42. Rf1 Rg7 43. Rg2 Kd6 44. Kd1 Ke5 45. Ke2 Kf4 46. Bc2 Rff7 47. Bd3 Ke5 48. Bc2 Kd6 49. Bd3 Bf4 50. Rgg1 Bh2 51. Rh1 Bg3 52. Rhg1 Rf8 53. Rh1 Rgf7 54. Rhg1 Kc7 55. Kd2 Kb6 56. Kc2 Ka5 57. Kb2 Kb4 58. Kc2 fxg4 59. fxg4 Rf2+ 60. Kd1 Kc3 61. Be2 d3 62. Rxf2 Rxf2 0-1